Statistics for Countries that have a proposal nordic flag

Click here to take the quiz!

General Stats

  • This quiz has been taken 26 times
  • The average score is 4 of 6

Answer Stats

HintAnswer% Correct
It's the 1st country to adopt an online political voting systemEstonia
92%
Gummy bears was invented in this countryGermany
83%
The first Christmas tree was decorated in this country,1510Latvia
83%
A popular dish in this country was named after a german airshipLithuania
83%
Pancake Week is popular in thiscountryBelarus
42%
The world's oldest restaurant is in it's capitalSpain
42%

Score Distribution

Percentile by Number Answered

Percent of People with Each Score

Your Score History

You have not taken this quiz